| 000 | 00810nas a2200265 4500 | ||
|---|---|---|---|
| 001 | BR0800792 | ||
| 003 | BR-BrBNA | ||
| 005 | 20231205111558.0 | ||
| 007 | ta | ||
| 008 | 230509b bl.|||p| |||| 00| 00por d | ||
| 040 |
_aBR-BrBNA _bpor _cBiblioteca Nacional de Agricultura |
||
| 041 | _a(Pt) | ||
| 072 | _aL53 | ||
| 100 | 1 | _aToniolli, R. | |
| 100 | 1 | _aCombarnous, Y. | |
| 245 | 1 | _aAdição de cálcio (CaCl2)ao diluidor do sêmen do varrão:efeito sobre a motilidade espermática | |
| 650 | _aCÁLCIO | ||
| 650 | _aSÊMEN | ||
| 650 | _aSUÍNO | ||
| 650 | _aESPERMATOZÓIDE | ||
| 650 | _aMOVIMENTO | ||
| 773 | 0 |
_tRevista Brasileira de Reprodução Animal (Brazil) _xISSN 0102-0803 _g(Jan-Mar 1999), v. 23(1) p. 33-39 _wBR0800792 |
|
| 909 |
_a202311 _bLúcia _c55 _dLúcia Elande |
||
| 942 |
_2AGRIS _n0 _cANA |
||
| 999 |
_c193387 _d193387 |
||